000 00295nam a22001337a 4500
008 171016b xxu||||| |||| 00| 0 eng d
020 _a9780471384557
041 _aeng
080 _a33
100 _a52
101 _aEKO
245 _aGETTING STARTED IN CONSULTING
_cWEISS,A
942 _2udc
_cBK
999 _c34140
_d34140